000 00350nam a2200097Ia 4500
008 220216s9999 xx 000 0 und d
100 _aSwaminathan M.S.
245 0 _aAgriculture extension: The way forward
260 _bIn: Towards Inclusive Rubber Development (Ed. C. Kuruvilla Jacob). The Rubber Board, Kottayam, India, pp. 13-19.
_c2009
942 _cJS
999 _c53965
_d53965